000 00266nam a2200109Ia 4500
008 190912s9999||||xx |||||||||||||| ||und||
100 _aRoss Westerfield
245 0 _aEssentials of Corporate Finance
260 _aUSA
_bPrentice
_c1996
300 _a236
942 _cBK
999 _c7139
_d7139